Borders of One Border Countries - Statistics

General Stats
  • This quiz has been taken 85,917 times
  • The average score is 11 of 15
Answer Stats
One Border Country Bordering Country % Correct
San Marino / Vatican City Italy
81%
Lesotho South Africa
81%
Canada United States
81%
South Korea North Korea
80%
Ireland United Kingdom
80%
East Timor / Papua New Guinea Indonesia
79%
Portugal Spain
78%
Dominican Republic Haiti
76%
United Kingdom Ireland
69%
Monaco France
68%
Brunei Malaysia
67%
Denmark Germany
66%
Haiti Dominican Republic
65%
Qatar Saudi Arabia
62%
Gambia Senegal
52%
No matching quizzes found
Score Distribution
Percent of People with Each Score
Percentile by Number Answered
Your Score History
You have not taken this quiz